| 000 | 00697pam a2200217 i 4500 | ||
|---|---|---|---|
| 020 | _a047116240X | ||
| 040 | _cDLC | ||
| 082 | 0 | 0 | _a001 WIL 1977 A003 Or. |
| 100 | 1 | _aCochran, William Gemmell, | |
| 245 | 1 | 0 | _aSampling techniques / |
| 250 | _a3d ed. | ||
| 260 |
_aNew York : _bWiley, _cc1977. |
||
| 300 |
_axvi, 428 p. : _bill. ; _c24 cm. |
||
| 490 | 0 | _aWiley series in probability and mathematical statistics | |
| 490 | 0 | _aA Wiley publication in applied statistics | |
| 500 | _aIncludes indexes. | ||
| 650 | 0 | _aSampling (Statistics) | |
| 856 | 4 | 2 | _uhttp://www.loc.gov/catdir/description/wiley037/77000728.html |
| 856 | 4 | _uhttp://www.loc.gov/catdir/toc/onix03/77000728.html | |
| 942 | _cEK | ||
| 999 |
_c16451 _d16451 |
||